Welcome to the Holygrace Academy Library

Please use search bar below to get started

MORAL STORY BOOK (Record no. 7514)

MARC details
000 -LEADER
fixed length control field 00238nam a22001097a 4500
082 ## - DEWEY DECIMAL CLASSIFICATION NUMBER
Classification number 823
Item number UNK/M
100 ## - MAIN ENTRY--AUTHOR NAME
Personal name UNKNOWN
245 ## - TITLE STATEMENT
Title MORAL STORY BOOK
260 ## - PUBLICATION, DISTRIBUTION, ETC. (IMPRINT)
Place of publication MADURAI
Name of publisher SRIRAM PUBLICATIONS
650 ## - SUBJECT ADDED ENTRY--TOPICAL TERM
Topical Term ENGLISH STORY
Geographic subdivision INDIA
942 ## - ADDED ENTRY ELEMENTS (KOHA)
Koha item type Books
Holdings
Withdrawn status Lost status Collection code Home library Current library Date acquired Source of acquisition Cost, normal purchase price Full call number Accession Number Koha item type
Withdrawn Damaged Item Fiction Main Library Main Library 21/05/2004 purchase 10.00 823 UNK/M 00640 Books
Withdrawn Damaged Item Fiction Main Library Main Library 21/05/2004 purchase 10.00 823 UNK/M 00641 Books
Withdrawn Damaged Item Fiction Main Library Main Library 21/05/2004 purchase 10.00 823 UNK/M 00642 Books
Withdrawn Damaged Item Fiction Main Library Main Library 21/05/2004 purchase 10.00 823 UNK/M 00645 Books
Withdrawn Damaged Item Fiction Main Library Main Library 21/05/2004 purchase 10.00 823 UNK/M 00646 Books
Withdrawn Damaged Item Fiction Main Library Main Library 21/05/2004 purchase 10.00 823 UNK/M 00647 Books